[Event "Titled Tuesday intern op 17th Jan Early"]
[Site "Chess.com INT"]
[Date "2023.01.17"]
[Round "2"]
[White "Zhigalko, Sergei"]
[Black "Odegov, Artem"]
[Result "1/2-1/2"]
[WhiteElo "2572"]
[BlackElo "2286"]
[PlyCount "42"]
[EventDate "2023.01.17"]
[EventType "swiss (blitz)"]
[EventRounds "11"]
[EventCountry "USA"]
[SourceTitle "Mega2023 Update 12"]
[Source "Chessbase"]
[SourceDate "2023.01.29"]
[SourceVersion "1"]
[SourceVersionDate "2023.01.29"]
[SourceQuality "1"]

1. e4 e6 2. d4 d5 3. e5 c5 4. c3 Qb6 5. Nf3 Nc6 6. Bd3 cxd4 7. O-O $1 {[%mdl 4] is recently more successful than 7.cxd4. ist inzwischen erfolgreicher als 7.cxd4.} Bd7 8. Re1 Nge7 9. h4 Rc8 10. h5 h6 11. a3 dxc3 12. Nxc3 Na5 13. Be3 Qxb2 14. Nb5 Bxb5 15. Rb1 Qxa3 16. Bxb5+ Nec6 17. Bxa7 $146 ({Vorgänger:} 17. Nd4 a6 18. Bxc6+ bxc6 19. Ra1 Qb4 20. Ra4 Qb8 21. Qg4 Nb7 22. Nxe6 fxe6 23. Qxe6+ {1-0 (33) Krastev,A (2412)-Baltic,F (2277) Germany 2022}) 17... Bc5 18. Ra1 Qb4 19. Rb1 Qa3 20. Ra1 Qb4 21. Rb1 Qa3 1/2-1/2

[Event "Titled Tuesday intern op 17th Jan Early"]
[Site "Chess.com INT"]
[Date "2023.01.17"]
[Round "6"]
[White "Zhigalko, Sergei"]
[Black "Starozhilov, Leonid"]
[Result "1-0"]
[WhiteElo "2572"]
[BlackElo "2293"]
[PlyCount "61"]
[EventDate "2023.01.17"]
[EventType "swiss (blitz)"]
[EventRounds "11"]
[EventCountry "USA"]
[SourceTitle "Mega2023 Update 12"]
[Source "Chessbase"]
[SourceDate "2023.01.29"]
[SourceVersion "1"]
[SourceVersionDate "2023.01.29"]
[SourceQuality "1"]

1. e4 Nc6 2. Nf3 d6 3. d4 Nf6 4. Nc3 g6 5. Bb5 a6 6. Bxc6+ bxc6 7. h3 Bg7 8. O-O O-O 9. Re1 Nd7 10. e5 $5 {[%mdl 4] A promising side line. Eine vielversprechende Nebenvariante.} c5 11. Bg5 f6 12. exf6 exf6 13. dxc5 Bb7 14. Be3 dxc5 $146 ({Vorgänger:} 14... Nxc5 15. Bxc5 dxc5 16. Qe2 Qb8 17. Nd2 Rd8 18. Nb3 Bc8 19. Qc4+ Kh8 20. Qf7 Bf5 {½-½ (48) Schoorl,R (2330)-Hoffman,R (2086) Hoogeveen 2014}) 15. Qe2 Kh8 16. Rad1 Qc8 17. Nd5 Nb6 18. Ne7 Qe6 19. Bxc5 Qxa2 20. Nh4 Rfe8 21. Bxb6 cxb6 22. Rd7 Bc6 23. Rc7 Bd5 24. Nhxg6+ hxg6 25. Nxg6+ Kg8 26. Ne7+ Rxe7 27. Rxe7 Bf7 28. b3 Qa5 29. Qf3 Rf8 30. Qg3 Qg5 31. Qc7 1-0

[Event "Titled Tuesday intern op 17th Jan Early"]
[Site "Chess.com INT"]
[Date "2023.01.17"]
[Round "8"]
[White "Pfreundt, Jakob"]
[Black "Zhigalko, Sergei"]
[Result "0-1"]
[WhiteElo "2407"]
[BlackElo "2572"]
[PlyCount "80"]
[EventDate "2023.01.17"]
[EventType "swiss (blitz)"]
[EventRounds "11"]
[EventCountry "USA"]
[SourceTitle "Mega2023 Update 12"]
[Source "Chessbase"]
[SourceDate "2023.01.29"]
[SourceVersion "1"]
[SourceVersionDate "2023.01.29"]
[SourceQuality "1"]

1. Nf3 d5 2. g3 c6 3. Bg2 Bg4 4. h3 Bh5 5. O-O Nd7 6. d4 Ngf6 7. c4 e6 8. cxd5 exd5 9. Qb3 {9.Ne5 deserves study. 9.Se5 verdient Beachtung.} Qb6 10. Qe3+ Be7 11. Nh4 Bg6 12. Nc3 Qd8 13. Nxg6 hxg6 14. Qd3 O-O 15. Bf4 Re8 16. Rad1 Qb6 $146 ({Vorgänger:} 16... Qa5 17. a3 a6 18. Rfe1 Rad8 19. b4 Qb6 20. Na4 Qa7 21. Nc5 a5 22. Bd2 b6 23. Nxd7 Rxd7 24. bxa5 bxa5 {½-½ (38) Svidler,P (2747)-Pelletier,Y (2541) Zuerich 2017}) 17. Qc2 Nf8 18. Bg5 Ne6 19. Bxf6 gxf6 20. e3 f5 21. h4 Kg7 22. Bf3 Rh8 23. Kg2 Rae8 24. Rh1 f4 25. gxf4 Bxh4 26. Rh3 Bf6 27. Rdh1 Rxh3 28. Kxh3 Bxd4 29. exd4 Nxf4+ 30. Kg3 Qxd4 31. Qc1 g5 32. Qc2 Nd3 33. Qd2 f6 34. Nd1 Qe5+ 35. Kg2 Ne1+ 36. Rxe1 Qxe1 37. Qd3 Rh8 38. Bg4 Qh1+ 39. Kg3 Qh2+ 40. Kf3 Qf4+ 0-1

[Event "Titled Tuesday intern op 17th Jan Early"]
[Site "Chess.com INT"]
[Date "2023.01.17"]
[Round "9"]
[White "Zhigalko, Sergei"]
[Black "Bocharov, Dmitry"]
[Result "1-0"]
[WhiteElo "2572"]
[BlackElo "2516"]
[PlyCount "89"]
[EventDate "2023.01.17"]
[EventType "swiss (blitz)"]
[EventRounds "11"]
[EventCountry "USA"]
[SourceTitle "Mega2023 Update 12"]
[Source "Chessbase"]
[SourceDate "2023.01.29"]
[SourceVersion "1"]
[SourceVersionDate "2023.01.29"]
[SourceQuality "1"]

1. e4 c5 2. Nf3 d6 3. d4 cxd4 4. Qxd4 Nc6 5. Bb5 Bd7 6. Bxc6 Bxc6 7. Nc3 Nf6 8. Bg5 e6 9. O-O-O Be7 10. Rhe1 O-O 11. Kb1 a6 12. h3 $5 {[%mdl 4] Leaves trodden paths. Verlässt die ausgetretenen Pfade.} h6 13. Bh4 Rc8 14. Qe3 Qa5 $146 ({Vorgänger:} 14... Qc7 15. Nd4 Nxe4 16. Bxe7 Nxc3+ 17. Qxc3 Qxe7 18. Nf5 Qg5 19. Nxd6 Rcd8 20. g3 Bd5 {0-1 (64) Yu,S (2529)-Lin,W (2440) Hefei 2010}) 15. Nd4 b5 16. f3 b4 17. Nce2 Bd7 18. Nc1 Qc7 19. Re2 a5 20. Red2 a4 21. Bf2 e5 22. Nde2 Be6 23. Qb6 Qxb6 24. Bxb6 Rc6 25. Ba5 Rb8 26. Nd3 d5 27. Nxe5 Rc5 28. Nd4 dxe4 29. Ndc6 Bf8 30. Nxb8 Rxe5 31. Bc7 Rb5 32. fxe4 Nxe4 33. Rd8 b3 34. cxb3 axb3 35. a3 Rc5 36. Bb6 Rc2 37. Ba5 Bf5 38. Ka1 g5 39. Bb4 Nc5 40. Nc6 Kg7 41. Nd4 Bg6 42. Rxf8 Kxf8 43. Nxc2 bxc2 44. Bxc5+ Kg7 45. Rc1 1-0

[Event "Titled Tuesday intern op 17th Jan Early"]
[Site "Chess.com INT"]
[Date "2023.01.17"]
[Round "10"]
[White "Csonka, Balazs"]
[Black "Zhigalko, Sergei"]
[Result "1/2-1/2"]
[WhiteElo "2495"]
[BlackElo "2572"]
[PlyCount "96"]
[EventDate "2023.01.17"]
[EventType "swiss (blitz)"]
[EventRounds "11"]
[EventCountry "USA"]
[SourceTitle "Mega2023 Update 12"]
[Source "Chessbase"]
[SourceDate "2023.01.29"]
[SourceVersion "1"]
[SourceVersionDate "2023.01.29"]
[SourceQuality "1"]

1. d4 Nf6 2. c4 e6 3. Nc3 Bb4 4. f3 d5 5. a3 Be7 6. e4 dxe4 7. fxe4 e5 {7...c5 is the hot move. 7...c5 ist der hippe Zug.} 8. d5 O-O 9. Be2 Bc5 10. Nf3 $146 ({Vorgänger:} 10. Bg5 h6 11. Bh4 a5 12. Qd3 Nbd7 13. Nf3 Re8 14. Rf1 a4 15. O-O-O c6 16. Ne1 Bd4 17. dxc6 bxc6 {0-1 (28) Biolek,R (2399)-Krejci,J (2529) Czech Republic 2013}) 10... Ng4 11. b4 Bf2+ 12. Kd2 a5 13. Bb2 Be3+ 14. Kc2 Nf2 15. Qg1 axb4 16. axb4 Rxa1 17. Bxa1 Na6 18. Na2 c5 19. Bxe5 Re8 20. Bf4 Bxf4 21. Qxf2 Rxe4 22. Bd3 Be3 23. Qg3 Rg4 24. Qe5 Rxg2+ 25. Kb1 Rxa2 26. Kxa2 Nxb4+ 27. Kb3 Bh6 28. Re1 Bd7 29. Bf5 Ba4+ 30. Kxa4 Qa8+ 31. Kb5 Qa6+ 32. Kxc5 g6 33. Qe8+ Bf8+ 34. Kd4 Qb6+ 35. Kc3 Na2+ 36. Kc2 Qb4 37. Ne5 Qc3+ 38. Kd1 Qd4+ 39. Ke2 Nc3+ 40. Kf1 Qf4+ 41. Kg1 Qxf5 42. Nd7 Qg4+ 43. Kf1 Qf3+ 44. Kg1 Qg4+ 45. Kf2 Qf4+ 46. Kg2 Qg4+ 47. Kf2 Qf4+ 48. Kg1 Qg4+ 1/2-1/2

[Event "Titled Tuesday intern op 17th Jan Early"]
[Site "Chess.com INT"]
[Date "2023.01.17"]
[Round "11"]
[White "Zhigalko, Sergei"]
[Black "Wagner, Dennis"]
[Result "0-1"]
[WhiteElo "2572"]
[BlackElo "2584"]
[PlyCount "72"]
[EventDate "2023.01.17"]
[EventType "swiss (blitz)"]
[EventRounds "11"]
[EventCountry "USA"]
[SourceTitle "Mega2023 Update 12"]
[Source "Chessbase"]
[SourceDate "2023.01.29"]
[SourceVersion "1"]
[SourceVersionDate "2023.01.29"]
[SourceQuality "1"]

1. e4 e5 2. Nf3 Nc6 3. Bb5 a6 4. Ba4 Nf6 5. O-O Be7 6. Re1 b5 7. Bb3 O-O 8. a4 b4 9. d3 d6 10. a5 Be6 11. Nbd2 Bxb3 {11...Qc8 is vanishing. 11...Dc8 scheint zu verschwinden.} 12. Nxb3 Re8 $1 {The main line 12...Re8 scores better than 12...d5. Die Hauptvariante 12...Te8 punktet besser als 12...d5.} 13. h3 h6 14. Be3 Bf8 $146 ({Vorgänger:} 14... Qd7 15. Nfd2 Nh7 16. Nf1 Bg5 17. Ng3 Rab8 18. Qe2 Rb5 19. Qd2 Bxe3 20. fxe3 Re6 {½-½ (36) Ortiz,M (2348)-Pascual Perez,N (2428) LSS email 2016}) 15. Nh2 d5 16. Qf3 d4 17. Bd2 Rb8 18. Rf1 Rb5 19. Kh1 g6 20. Qe2 Bg7 21. g3 Qd7 22. Kg2 Nh5 23. Qg4 Qd6 24. Kh1 Kh7 25. f4 exf4 26. gxf4 f5 27. Qf3 fxe4 28. dxe4 Rxe4 29. Rg1 Qe6 30. Raf1 Ne7 31. Bxb4 Re3 32. f5 Nxf5 33. Qg4 Rxb4 34. Nd2 Nhg3+ 35. Rxg3 Nxg3+ 36. Kg2 Qxg4 0-1

[Event "Titled Tuesday intern op 17th Jan Late"]
[Site "Chess.com INT"]
[Date "2023.01.17"]
[Round "4"]
[White "Zhigalko, Sergei"]
[Black "Sarana, Alexey"]
[Result "1-0"]
[WhiteElo "2572"]
[BlackElo "2668"]
[PlyCount "87"]
[EventDate "2023.01.17"]
[EventType "swiss (blitz)"]
[EventRounds "11"]
[EventCountry "USA"]
[SourceTitle "Mega2023 Update 12"]
[Source "Chessbase"]
[SourceDate "2023.01.29"]
[SourceVersion "1"]
[SourceVersionDate "2023.01.29"]
[SourceQuality "1"]

1. e4 e5 2. Nf3 Nc6 3. Bb5 a6 4. Ba4 b5 5. Bb3 Na5 6. O-O d6 7. d4 exd4 8. Nxd4 Bb7 9. Bd2 Nxb3 10. Nxb3 Nf6 11. Nc3 $5 {[%mdl 4] An interesting side line. Eine interessante Nebenvariante.} Be7 12. Na5 Qc8 13. Re1 $146 ({Vorgänger:} 13. Qf3 O-O 14. Nd5 Nxd5 15. exd5 Bf6 16. c3 Rb8 17. Be3 Re8 18. Rad1 Re5 19. Rd3 {1-0 (49) Riccio,E (2488)-Wosch,A (2246) FICGS email 2016}) 13... O-O 14. Qf3 Re8 15. a3 Rb8 16. Nxb7 Qxb7 17. h3 Bf8 18. Bg5 Nd7 19. Rad1 Ne5 20. Qg3 Nc4 21. Bc1 Re6 22. b3 Rg6 23. Qd3 Ne5 24. Qe2 Qc8 25. Kh1 f5 26. f4 Nf7 27. Qd3 fxe4 28. Nxe4 Qf5 29. g4 Qd7 30. f5 Rh6 31. Bxh6 Nxh6 32. Qd5+ Kh8 33. Nc5 Qc8 34. Ne6 Ng8 35. Ng5 h6 36. Nf7+ Kh7 37. g5 hxg5 38. Nxg5+ Kh8 39. Nf7+ Kh7 40. Rd4 Qb7 41. Qxb7 Rxb7 42. Re8 g5 43. Nxg5+ Kg7 44. Ne6+ 1-0

[Event "Titled Tuesday intern op 17th Jan Late"]
[Site "Chess.com INT"]
[Date "2023.01.17"]
[Round "5"]
[White "Sadhwani, Raunak"]
[Black "Zhigalko, Sergei"]
[Result "1-0"]
[WhiteElo "2627"]
[BlackElo "2572"]
[PlyCount "117"]
[EventDate "2023.01.17"]
[EventType "swiss (blitz)"]
[EventRounds "11"]
[EventCountry "USA"]
[SourceTitle "Mega2023 Update 12"]
[Source "Chessbase"]
[SourceDate "2023.01.29"]
[SourceVersion "1"]
[SourceVersionDate "2023.01.29"]
[SourceQuality "1"]

1. c4 {ChessBase II} e5 2. d3 Nf6 3. Nf3 Nc6 4. Nc3 Bb4 5. Bd2 O-O 6. e3 Re8 {6...d5 is the fancy move. 6...d5 ist der angesagte Zug.} 7. Be2 d5 8. cxd5 Nxd5 9. Rc1 $5 {[%mdl 4] Exploring less charted territory. Erkundet wenig bekanntes Terrain.} Be6 10. a3 Nxc3 11. Bxc3 Bxc3+ 12. Rxc3 Qd6 $146 ({Vorgänger:} 12... a5 13. O-O a4 14. Qc1 Bd5 15. Re1 Na5 16. Qc2 Nb3 17. Rxc7 Bc6 18. Rxc6 bxc6 {½-½ (42) David,A (2563)-Kryvoruchko,Y (2705) Brest 2018 EXT 2019 [ChessBase II]}) 13. O-O Rad8 14. Qc2 Bd5 15. b4 a6 16. Rc1 Qg6 17. Rc5 e4 18. dxe4 Bxe4 19. Qc3 h6 20. h3 Rd6 21. Nh4 Qf6 22. Qxf6 Rxf6 23. Bf3 g5 24. Bxe4 Rxe4 25. Nf5 Kf8 26. g4 Re8 27. Kg2 Rd8 28. R5c4 Rd2 29. a4 Ne7 30. Rd4 Rxd4 31. Nxd4 c6 32. Nb3 Nd5 33. Nc5 Nxb4 34. Nd7+ Ke7 35. Nxf6 Kxf6 36. a5 Ke6 37. h4 Kd6 38. Rd1+ Ke7 39. hxg5 hxg5 40. Kf3 c5 41. Ke4 Nc6 42. Kd5 Nxa5 43. Kxc5 Nc6 44. Kb6 Ne5 45. Rd4 Ke6 46. Kxb7 a5 47. Kb6 f6 48. Kb5 Ke7 49. Re4 Kd6 50. Kxa5 Kc5 51. Ka4 Nd3 52. f3 Ne1 53. f4 Nd3 54. fxg5 fxg5 55. Kb3 Nf2 56. Re5+ Kd6 57. Rxg5 Ke6 58. Kc2 Kf6 59. Rf5+ 1-0

[Event "Titled Tuesday intern op 17th Jan Late"]
[Site "Chess.com INT"]
[Date "2023.01.17"]
[Round "6"]
[White "Zhigalko, Sergei"]
[Black "Hamitevici, Vladimir"]
[Result "1-0"]
[WhiteElo "2572"]
[BlackElo "2505"]
[PlyCount "89"]
[EventDate "2023.01.17"]
[EventType "swiss (blitz)"]
[EventRounds "11"]
[EventCountry "USA"]
[SourceTitle "Mega2023 Update 12"]
[Source "Chessbase"]
[SourceDate "2023.01.29"]
[SourceVersion "1"]
[SourceVersionDate "2023.01.29"]
[SourceQuality "1"]

1. e4 e5 2. Nf3 Nc6 3. Bc4 Bc5 4. b4 Bxb4 5. c3 Ba5 6. d4 d6 7. Qb3 Qd7 8. O-O Bb6 9. Nbd2 Na5 10. Qc2 Nxc4 11. Nxc4 f6 {11...Qc6 is becoming the main line. 11...Dc6 wird zur Hauptvariante.} 12. a4 Qc6 13. Qe2 a6 14. d5 Qd7 15. Nxb6 cxb6 16. Rb1 $146 ({Vorgänger:} 16. Ba3 Nh6 17. Rfb1 Qc7 18. Nd2 Nf7 19. Nc4 b5 20. axb5 O-O 21. b6 Qe7 22. Ne3 {1-0 (78) Zhigalko,S (2572)-So,W (2773) Chess.com INT 2022}) 16... b5 17. axb5 axb5 18. Rxb5 Ne7 19. c4 O-O 20. Be3 h6 21. c5 dxc5 22. Bxc5 Re8 23. Rc1 Ng6 24. Be3 Ra4 25. Nd2 Nf4 26. Bxf4 exf4 27. Rbc5 f3 28. gxf3 Qh3 29. Qf1 b6 30. Rxc8 Rxc8 31. Qxh3 Rxc1+ 32. Kg2 Ra8 33. Qe6+ Kh8 34. f4 Rd1 35. Nf3 b5 36. Qc6 Rb8 37. Qc7 Re8 38. Nh4 b4 39. Qf7 Rb8 40. Ng6+ Kh7 41. Nf8+ Kh8 42. Ne6 Rg8 43. Qb7 Rb1 44. d6 Rd1 45. Qxb4 1-0

[Event "Titled Tuesday intern op 17th Jan Late"]
[Site "Chess.com INT"]
[Date "2023.01.17"]
[Round "10"]
[White "Leiva Rodriguez, Jeammarco Giuseppe"]
[Black "Zhigalko, Sergei"]
[Result "0-1"]
[WhiteElo "2381"]
[BlackElo "2572"]
[PlyCount "76"]
[EventDate "2023.01.17"]
[EventType "swiss (blitz)"]
[EventRounds "11"]
[EventCountry "USA"]
[SourceTitle "Mega2023 Update 12"]
[Source "Chessbase"]
[SourceDate "2023.01.29"]
[SourceVersion "1"]
[SourceVersionDate "2023.01.29"]
[SourceQuality "1"]

1. e4 c5 2. Nf3 Nc6 3. Bb5 Nf6 4. Nc3 Qc7 5. O-O Nd4 6. Re1 a6 7. Bf1 Ng4 8. e5 h5 $1 {[%mdl 4] is now more promising than 8...Nxf3+. im Vergleich zu 8...Sxf3+ vielversprechender.} 9. Nd5 Qc6 10. Nxd4 cxd4 11. c4 e6 12. Nf4 d6 13. Nxh5 $146 (13. exd6 Bxd6 14. d3 g5 15. Nh3 Bxh2+ 16. Kh1 Bf4 17. Kg1 Bxc1 18. Rxc1 f6 19. g3 {0-1 (53) Leiva Rodriguez,J (2405)-Zhigalko,S (2572) Chess.com INT 2022}) ({Vorgänger:} 13. exd6 Bxd6 14. d3 Nxh2 15. Be2 Qc7 16. Nxh5 Kf8 17. Bd2 g6 18. Nf6 b6 19. Qc1 {1-0 (35) So,W (2770)-Zhigalko,S (2572) Chess.com INT 2020}) 13... Nxe5 14. d3 b6 15. Ng3 Bb7 16. b4 Be7 17. Bb2 Rh4 18. Re4 Rxe4 19. Nxe4 d5 20. Bxd4 dxe4 21. Bxe5 O-O-O 22. b5 Qd7 23. bxa6 Bxa6 24. d4 f6 25. Bf4 Bc5 26. Be3 Bxd4 27. Bxd4 Qxd4 28. Qc1 Kc7 29. Rb1 Bb7 30. Rb5 Bc6 31. Rb3 Ra8 32. Rg3 g5 33. a3 Rd8 34. h4 gxh4 35. Qf4+ Qe5 36. Qxh4 Rd1 37. Rg7+ Bd7 38. Qh5 Qxh5 0-1

[Event "Titled Tuesday intern op 31st Jan Early"]
[Site "Chess.com INT"]
[Date "2023.01.31"]
[Round "2"]
[White "Mammadzada, Gunay Vuqar Qizi"]
[Black "Zhigalko, Sergei"]
[Result "0-1"]
[WhiteElo "2472"]
[BlackElo "2572"]
[PlyCount "84"]
[EventDate "2023.01.31"]
[EventType "swiss (blitz)"]
[EventRounds "11"]
[EventCountry "USA"]
[SourceTitle "Mega2023 Update 14"]
[Source "Chessbase"]
[SourceDate "2023.02.10"]
[SourceVersion "1"]
[SourceVersionDate "2023.02.10"]
[SourceQuality "1"]

1. e4 c5 2. Nf3 Nc6 3. d4 cxd4 4. Nxd4 Nf6 5. Nc3 e5 6. Ndb5 d6 7. Bg5 a6 8. Na3 b5 9. Nd5 Be7 10. Bxf6 Bxf6 11. c3 Bg5 12. Nc2 Ne7 {12...Rb8 is a critical line. 12...Tb8 ist die kritische Fortsetzung.} 13. Ncb4 O-O 14. h4 Bh6 15. Nxe7+ Qxe7 16. Nd5 Qb7 17. Be2 Be6 18. O-O $146 ({Predecessor:} 18. g4 Bxd5 19. Qxd5 Qxd5 20. exd5 Bf4 21. a4 bxa4 22. Rxa4 a5 23. O-O Rfb8 24. Ra2 {0-1 Kazarian,A (2096)-Yakimova,M (2269) Titled Tuesday intern op 06th Oct Chess.com INT blitz 2020 (5)}) 18... a5 19. Qd3 Bxd5 20. exd5 Rab8 21. Bg4 g6 22. h5 f5 23. Be2 e4 24. Qd1 Bf4 25. b4 a4 26. a3 Rbc8 27. c4 bxc4 28. Qxa4 Qe7 29. g3 Be5 30. Rac1 c3 31. Kg2 f4 32. Bg4 f3+ 33. Kg1 Rc7 34. Qc2 Bd4 35. Be6+ Kh8 36. Qxe4 Qf6 37. h6 g5 38. b5 Re7 39. Rfd1 Bc5 40. Rd3 g4 41. Rcxc3 Qxh6 42. Rc1 Qxc1+ 0-1

[Event "Titled Tuesday intern op 31st Jan Early"]
[Site "Chess.com INT"]
[Date "2023.01.31"]
[Round "4"]
[White "Panesso Rivera, Henry"]
[Black "Zhigalko, Sergei"]
[Result "1-0"]
[WhiteElo "2341"]
[BlackElo "2572"]
[PlyCount "117"]
[EventDate "2023.01.31"]
[EventType "swiss (blitz)"]
[EventRounds "11"]
[EventCountry "USA"]
[SourceTitle "Mega2023 Update 14"]
[Source "Chessbase"]
[SourceDate "2023.02.10"]
[SourceVersion "1"]
[SourceVersionDate "2023.02.10"]
[SourceQuality "1"]

1. Nf3 d5 2. d4 e6 3. c4 c6 4. Qc2 dxc4 5. Qxc4 Nf6 6. g3 b5 7. Qb3 Bb7 8. Bg2 Nbd7 9. O-O Be7 {seems to push 9...a6 aside. setzt sich inzwischen gegen 9...a6 durch.} 10. Rd1 O-O 11. Nc3 a6 12. Bf4 Qb6 13. Ne5 Rfd8 14. Nxd7 $146 ({Predecessor:} 14. Rac1 Rac8 15. Nxd7 Nxd7 16. Ne4 c5 17. dxc5 Bxc5 18. Nxc5 Nxc5 19. Qe3 Rxd1+ 20. Rxd1 Bxg2 21. Kxg2 {1/2 Haznadar,N (1881)-Selimovic,A (1943) Sarajevo Galijatovic Memorial 8th 2022 (8)}) 14... Rxd7 15. Na4 Qa7 16. Nc5 Bxc5 17. dxc5 Rxd1+ 18. Rxd1 Qxc5 19. Be3 Qf5 20. h3 h6 21. g4 Qe5 22. Bd4 Qxe2 23. Bxf6 gxf6 24. Rd7 Rb8 25. Qb4 c5 26. Qf4 Qe1+ 27. Kh2 Qe5 28. Qxe5 fxe5 29. Bxb7 a5 30. Rc7 Kg7 31. Bc8 Kf6 32. Rxc5 b4 33. b3 Ra8 34. Bb7 Ra7 35. Bc6 Rc7 36. Rc4 Ke7 37. Kg3 Ra7 38. Kf3 f5 39. Ke3 Kd6 40. Ba4 Kd5 41. f4 exf4+ 42. Kxf4 Rf7 43. Bc6+ Kd6 44. gxf5 Rxf5+ 45. Ke3 Rf1 46. Bf3 Re1+ 47. Kf4 Ra1 48. Rc6+ Ke7 49. Ke5 Kf7 50. Be4 Rxa2 51. Rc7+ Kf8 52. Kxe6 a4 53. bxa4 Rxa4 54. Bd5 Ra6+ 55. Ke5 Rb6 56. Be6 b3 57. Kf6 Rb8 58. Rh7 Ke8 59. Rh8# 1-0

[Event "Titled Tuesday intern op 31st Jan Early"]
[Site "Chess.com INT"]
[Date "2023.01.31"]
[Round "6"]
[White "Martin Fuentes, Alberto"]
[Black "Zhigalko, Sergei"]
[Result "1/2-1/2"]
[WhiteElo "2393"]
[BlackElo "2572"]
[PlyCount "145"]
[EventDate "2023.01.31"]
[EventType "swiss (blitz)"]
[EventRounds "11"]
[EventCountry "USA"]
[SourceTitle "Mega2023 Update 14"]
[Source "Chessbase"]
[SourceDate "2023.02.10"]
[SourceVersion "1"]
[SourceVersionDate "2023.02.10"]
[SourceQuality "1"]

1. e4 c5 2. Nc3 Nc6 3. g3 g6 4. Bg2 Bg7 5. d3 Rb8 6. Be3 d6 7. Qd2 b5 8. Nge2 b4 $1 {The main line 8...b4 scores better than 8...Nd4. Die Hauptvariante 8...b4 punktet besser als 8...Sd4.} 9. Nd1 Nd4 10. O-O a5 11. Nc1 a4 12. c3 Nc6 13. c4 $146 ({Predecessor:} 13. a3 bxc3 14. bxc3 Bd7 15. f4 f5 16. Nf2 Nh6 17. e5 O-O 18. d4 cxd4 19. cxd4 {0-1 Yilmazyerli,M (2318)-Yilmaz,M (2489) TUR-chT Konya 2011 (11)}) 13... a3 14. Rb1 axb2 15. Nb3 Nf6 16. h3 O-O 17. d4 Nd7 18. Nxb2 cxd4 19. Nxd4 Nxd4 20. Bxd4 Bxd4 21. Qxd4 Qa5 22. Nd3 Ba6 23. Rfc1 Rfc8 24. Rb2 Nc5 25. Nxc5 dxc5 26. Qe5 Rb7 27. Rd2 b3 28. Qb2 Rcb8 29. Rcd1 Bxc4 30. axb3 Bxb3 31. Ra1 Qb6 32. e5 Rc7 33. Rc1 c4 34. Qc3 Qb4 35. Re2 Qxc3 36. Rxc3 Rd8 37. Be4 Rd4 38. Kg2 e6 39. f4 Rcd7 40. Kf2 Rd2 41. Ke3 Rxe2+ 42. Kxe2 h5 43. Bc6 Rc7 44. Bb5 Rc5 45. Ba6 Rc6 46. Bb5 Rc5 47. Ba6 Kg7 48. Ke3 h4 49. g4 g5 50. Kd4 Ra5 51. Bxc4 Bxc4 52. Rxc4 Ra3 53. fxg5 Rxh3 54. Ke4 Rh1 55. Kf4 Rf1+ 56. Ke3 h3 57. Rc2 Rg1 58. Rh2 Rxg4 59. Rxh3 Rxg5 60. Kf4 Rf5+ 61. Ke4 Rg5 62. Rf3 Kg6 63. Rf6+ Kg7 64. Rf2 Rg4+ 65. Ke3 Ra4 66. Rf1 Kg6 67. Rf2 Ra3+ 68. Ke4 Ra4+ 69. Ke3 Rg4 70. Rf1 Kg7 71. Rf2 Rg3+ 72. Ke4 Rg4+ 73. Ke3 1/2-1/2

[Event "Titled Tuesday intern op 31st Jan Early"]
[Site "Chess.com INT"]
[Date "2023.01.31"]
[Round "7"]
[White "Skuhala, Barbara"]
[Black "Zhigalko, Sergei"]
[Result "1-0"]
[WhiteElo "2103"]
[BlackElo "2572"]
[PlyCount "99"]
[EventDate "2023.01.31"]
[EventType "swiss (blitz)"]
[EventRounds "11"]
[EventCountry "USA"]
[SourceTitle "Mega2023 Update 14"]
[Source "Chessbase"]
[SourceDate "2023.02.10"]
[SourceVersion "1"]
[SourceVersionDate "2023.02.10"]
[SourceQuality "1"]

1. e4 c5 2. Nf3 d6 3. d4 cxd4 4. Nxd4 Nf6 5. f3 e5 6. Nb3 Be7 7. c4 O-O 8. Nc3 {8.Be3 is not played anymore. 8.Le3 wird inzwischen seltener gespielt.} a5 9. Be3 Be6 10. Be2 a4 11. Nd2 Qa5 12. O-O Nbd7 13. Rc1 Bd8 14. Kh1 Bb6 15. Bxb6 Nxb6 16. Nd5 $146 ({Predecessor:} 16. Nb5 Rfd8 17. b3 axb3 18. axb3 Nbd7 19. Ra1 Qb4 20. Qc2 Ne8 21. Rfd1 Ra6 22. Qc3 Qxc3 23. Nxc3 {1/2 Fernandez Romero,E (2445)-Garcia Martinez,S (2353) Alcudia 1st 2003 (7)}) 16... Nfd7 17. f4 Bxd5 18. exd5 f5 19. fxe5 Nxe5 20. Nf3 Nxf3 21. Rxf3 Nd7 22. Bd3 g6 23. Re3 Rae8 24. Qe2 Qd8 25. Re1 Rxe3 26. Qxe3 Nc5 27. Bf1 Qf6 28. b4 axb3 29. axb3 Ne4 30. Bd3 Nc5 31. b4 Nd7 32. c5 f4 33. Qh3 Ne5 34. Be4 Kg7 35. c6 bxc6 36. dxc6 h5 37. b5 Ng4 38. Qf3 Qh4 39. Qc3+ Kh6 40. h3 Nf2+ 41. Kg1 f3 42. Qe3+ Kg7 43. Qxf2 Qg5 44. Bxf3 Qxb5 45. c7 Qc4 46. Qb2+ Kh6 47. Qc1+ Qxc1 48. Rxc1 Rc8 49. Bb7 Rxc7 50. Rxc7 1-0

[Event "Titled Tuesday intern op 31st Jan Early"]
[Site "Chess.com INT"]
[Date "2023.01.31"]
[Round "11"]
[White "Zhigalko, Sergei"]
[Black "Taspinar, Yanki"]
[Result "1-0"]
[WhiteElo "2572"]
[BlackElo "2275"]
[PlyCount "107"]
[EventDate "2023.01.31"]
[EventType "swiss (blitz)"]
[EventRounds "11"]
[EventCountry "USA"]
[SourceTitle "Mega2023 Update 14"]
[Source "Chessbase"]
[SourceDate "2023.02.10"]
[SourceVersion "1"]
[SourceVersionDate "2023.02.10"]
[SourceQuality "1"]

1. e4 e5 2. Nf3 Nc6 3. Bc4 Nf6 4. d3 Bc5 5. O-O d6 6. Nbd2 a6 7. c3 Ba7 8. Bb3 h6 9. Re1 Be6 10. Nf1 O-O 11. Ng3 Re8 12. h3 d5 13. exd5 Bxd5 14. Be3 Bxe3 15. Rxe3 Qd7 16. Bc2 Rad8 {16...Re7 is the hot move. 16...Te7 ist der hippe Zug.} 17. Qe2 Bxf3 18. Rxf3 $5 {[%mdl 4] Exploring less charted territory. Erkundet wenig bekanntes Terrain.} Qd5 $146 ({Predecessor:} 18... Nd5 19. Qe4 Re6 20. d4 g6 21. Qh4 exd4 22. Nf5 gxf5 23. Bxf5 Qe7 24. Qg4+ Kf8 {1/2 Brkic,A (2564)-Papp,G (2526) Zadar op-A 17th 2010 (9)}) 19. Bb3 Qd7 20. Nh5 Nd5 21. Bxd5 Qxd5 22. Rg3 Kf8 23. Nxg7 Re7 24. Qh5 Rd6 25. Nf5 Rf6 26. Nxe7 Kxe7 27. Qe2 Kf8 28. a3 b5 29. Re1 Rf4 30. Rf3 Rxf3 31. Qxf3 Qxf3 32. gxf3 f6 33. Kg2 Kf7 34. f4 exf4 35. d4 Na5 36. Kf3 Nc4 37. Re2 a5 38. Kxf4 a4 39. Ke4 c6 40. Kd3 f5 41. Kc2 Kf6 42. Re8 Kf7 43. Rc8 Na5 44. f4 Ke6 45. Re8+ Kf6 46. Rg8 Kf7 47. Rg3 Nc4 48. h4 Nd6 49. h5 Ne4 50. Rg6 Nf6 51. Rxh6 Kg7 52. Rg6+ Kf7 53. Rg5 Ke6 54. h6 1-0